|
|
|
|
| LEADER |
00626nab a2200169 i 4500 |
| 001 |
misc40308 |
| 005 |
20191106140918.0 |
| 008 |
180709s2000 hu o 0|| zxx d |
| 022 |
|
|
|a 1215-5233
|
| 040 |
|
|
|a SZTE Miscellanea Repozitórium
|b hun
|
| 041 |
|
|
|a zxx
|
| 100 |
1 |
|
|a Nyíri András
|
| 245 |
1 |
0 |
|a Szomorú trópusok közelében
|h [elektronikus dokumentum] :
|b etnikus kultúra vagy a szegénység kultúrája-e a cigányságé? /
|c Nyíri András
|
| 260 |
|
|
|c 2000
|
| 300 |
|
|
|a 47-56
|
| 490 |
0 |
|
|a Iskolakultúra
|v 10 No. 2
|
| 856 |
4 |
0 |
|u http://misc.bibl.u-szeged.hu/40308/1/EPA00011_iskolakultura_2000_02_047-056.pdf
|z Dokumentum-elérés
|